000
00259nam a22001217a 4500
041
_a
ENG
100
_a
Varma .M
245
_a
Tractor Prachalan Sambandhi Sura Kha Savdhanig
260
_a
Bohopal
_b
CIAE
_c
1982
300
_a
56
650
_a
GAE
856
_u
GAE
999
_c
666
_d
666